| 000 | 01089nam a2200277Ia 4500 | ||
|---|---|---|---|
| 003 | OSt | ||
| 005 | 20221005103644.0 | ||
| 006 | a|||||r|||| 00| 0 | ||
| 007 | ta | ||
| 008 | 221004b |||||||| |||| 00| 0 hin d | ||
| 020 |
_a9789385450761 (hbk) _cINR 300.00 |
||
| 024 | _a37031 | ||
| 037 |
_b66, 13/03/2018, P. K. Books _cTextual |
||
| 040 |
_aCRL _cCRL _bhin |
||
| 041 |
_2hin _ahin |
||
| 082 | _aO152,3NNAx, Q7 | ||
| 100 |
_aनैमिशराय, मोहनदास, ले. _9158876 |
||
| 245 | 0 | _aमोहनदास नैमिशराय चुनी हुई कहानियॉं | |
| 246 | _aMohanadās naimisharāya chunī huī kahāniyaॉan | ||
| 260 |
_aदिल्ली _bअनन्य प्रकाशन भारत _c2017 |
||
| 300 |
_a144पृ0 _ccm. |
||
| 650 | _a हिन्दी साहित्य | ||
| 650 | _aहिन्दी कहानी | ||
| 942 |
_hO152,3NNAx, Q7 _cTEXL _2cc |
||
| 999 |
_c1010523 _d1010523 |
||